[Event "Baden-ch U18/20"]
[Site "Karlsruhe"]
[Date "2014.01.05"]
[Round "6"]
[White "Engelhard, Dario"]
[Black "Ciolek, Andreas"]
[Result "0-1"]
[WhiteElo "1852"]
[BlackElo "1927"]
[PlyCount "88"]
[EventDate "2014.01.??"]
[EventType "swiss"]
[EventRounds "7"]
[EventCountry "GER"]
[SourceTitle "EXT 2022"]
[Source "ChessBase"]
[SourceDate "2021.10.06"]
[SourceVersion "1"]
[SourceVersionDate "2021.10.06"]
[SourceQuality "1"]

1. e4 c5 2. Nf3 d6 3. d4 cxd4 4. Nxd4 Nf6 5. Nc3 a6 6. Bd3 e5 7. Nb3 Be7 8. Be3 Be6 9. 0-0 Ng4 10. Qf3 Nxe3 11. Qxe3 0-0 12. f4 exf4 13. Qxf4 Nd7 14. Rad1 Ne5 15. h3 b5 16. Nd5 Bg5 17. Qf2 Re8 18. Kh1 Rb8 19. Qa7 Qc8 20. Kh2 Bxd5 21. exd5 Be3 22. Nd4 Qd8 23. Rde1 Ra8 24. Qb7 Re7 25. Nc6 Nxc6 26. dxc6 Rxb7 27. cxb7 Rb8 28. Rxe3 Rxb7 29. Rfe1 Kf8 30. b3 Rb8 31. c4 Qg5 32. cxb5 axb5 33. Kg1 g6 34. a4 bxa4 35. bxa4 Rb2 36. R3e2 Rxe2 37. Rxe2 Qc1+ 38. Kh2 Qf4+ 39. g3 Qxa4 40. Kg2 Qd1 41. Ba6 d5 42. h4 d4 43. Kf2 d3 44. Re1 Qc2+ 0-1